01596nam a22002894c 4500003000900000008004100009020001800050040003100068041001900099080001000118100002600128245006200154250002200216264004900238300004200287336002700329337003300356338002800389520067400417521002501091650002701116650001501143653001301158942001401171999001301185952010801198AR-BaSMT260506b2026 aga|||br|||| 001 1beng | a9789878015255 aBSGBbespañolcBSGBerda aspahespañol a82-341 aGaleano, Eduardo9464 aPuro futbol : bhistorias del juego más lindo del mundo aPrimera edición aBuenos aires : bSiglo XXI Editores , c202 a112 páginas ; bilustraciones color 2rdacontentatextobtxt 2rdamediaasin mediaciónbn 2rdacarrieravolumenbnc aEl fútbol nació hace más de cinco mil años y en cada país desarrolló sus propias reglas. Lo jugaron los chinos, los egipcios, los romanos y los británicos; los aztecas y otros habitantes de la América precolombina. Con el tiempo se fue perfeccionando: la pelota evolucionó, cambiaron las reglas y la cantidad de jugadores. Lo que nunca cambió es la pasión de multitudes por el juego más lindo del mundo. GALEANO quiso ser futbolista. Pero como solo jugaba bien en el mundo de los sueños, prefirió dedicarse a contar el fanatismo d los hinchs, a genialidades de los grandes jugadores y las historias de los partidos que conmovieron al mundo. aA partir de 9 años 798aLITERATURA INFANTIL 7923aCUENTO aFútbol 2ddcaBOOK c663d663 00102ddc40aBSGBbBSGBcCelesteeCompra Feria del Libro 2026i000989l0o82-34 GALp000989t1yBOOKf